Champions de Ligue 2. (1935 - …) - Statistiques

Statistiques générales
  • Ce quiz a été pris 7 779 fois
    31 depuis la dernière actualisation
  • Le résultat moyen est 33 sur 43
Statistiques - réponses
Titres Champions % Correct
2015 | 2021 | 2026 langfr-250px-ESTAC_Troyes_Logo.svg.png ES Troyes AC
100%
1971 Paris_Saint-Germain_Logo.svg Paris SG
100%
1935 | 2007 | 2014 | 2019 4728.png FC Metz
96%
1937 | 1949 | 1973 | 2009 Logo_RC_Lens_2014.svg RC Lens
96%
1992 Logo_FC_Girondins_Bordeaux_2020.svg Girondins de Bordeaux
96%
1995 120px-Logo_Olympique_Marseille_-_1993.svg.png Olympique de Marseille
96%
2020 | 2025 103432.png FC Lorient
93%
2013 Logo_AS_Monaco_FC_-_2021.svg AS Monaco
93%
1938 | 1959 | 1985 | 1991 | 2008 | 2023 Logo_Havre_AC_2012.svg Le Havre AC
93%
1977 | 1988 | 2017 Racing_Club_de_Strasbourg_Alsace_%28RC_Strasbourg_-_RCS_-_RCSA%29_logo_officiel.svg RC Strasbourg
89%
1951 | 1954 | 1989 langfr-250px-Logo_Olympique_Lyonnais_-_2022.svg.png Olympique lyonnais
89%
1981 102250.png Stade brestois
86%
1966 | 2018 Stade_Reims.svg Stade de Reims
86%
1946 | 1958 Insignia_actual_FC_Nancy.jpg FC Nancy
86%
1953 Toulouse_FC_%281937%29.gif Toulouse FC 1937
86%
1963 | 1999 | 2004 LOGO_ASSE_2000.svg AS Saint-Étienne
86%
1982 | 2003 | 2022 Logo_Toulouse_FC_2018.svg Toulouse FC
86%
1948 | 1965 | 1970 | 1994 Logo_OGC_Nice_2013.svg OGC Nice
86%
1975 | 1990 | 1998 | 2005 | 2016 Logo_AS_Nancy_Lorraine_2018.svg AS Nancy Lorraine
86%
1980 | 2024 120px-Logo_AJ_Auxerre_-_1997.svg.png AJ Auxerre
86%
1952 Stade_francais_club_logo.png?20200111195402 Stade français
82%
1934 | 1939 Logo_Red_Star_FC_2014.svg Red Star Olympique
82%
1986 Logo_RC_France_Football_-_2018.svg RC Paris
82%
1964 | 1974 | 1978 | 2000 Logo_LOSC_Lille_2018.svg Lille OSC
79%
1996 | 2010 Logo_SM_Caen_Alternatif_-_2016.svg SM Caen
79%
1968 | 2012 Logo_SC_Bastia_2011.svg SC Bastia
79%
1969 | 1976 4413.png SCO Angers
75%
1946 | 1961 | 1987 Montpellier_Hérault_Sport_Club_%28logo%2C_2000%29.svg Montpellier HSC
75%
1960 | 1962 Logo_Grenoble_Foot_38_-_2001.svg Grenoble Foot 38
75%
1950 4757.png Nîmes Olympique
71%
1956 | 1983 4894.png Stade rennais
71%
1967 | 2002 Logo_AC_Ajaccio_2015.svg AC Ajaccio
71%
2011 Logo_Thonon_Évian_Grand_Genève_FC_2020.svg Évian Thonon Gaillard FC
71%
1947 | 2001 Logo_FC_Sochaux_Montbéliard_2015.svg FC Sochaux-Montbéliard
68%
1936 Logo_FC_Rouen_2009.svg FC Rouen
64%
1955 Logo_CS_Sedan_Ardennes_2020.svg CS Sedan-Ardennes
64%
1972 Logo_Valenciennes_FC.svg US Valenciennes-Anzin
54%
2006 Logo_Valenciennes_FC.svg Valenciennes FC
54%
1997 Logo_Berrichonne_Châteauroux_2017.svg LB Châteauroux
50%
1984 Tours_FC_logo.svg FC Tours
46%
1993 Logo_FC_Martigues_-_2020.svg FC Martigues
39%
1979 Logo_FC_Gueugnon_2020.svg FC Gueugnon
32%
1957 Logo_Olympique_Alès_Cévennes_-_2007.svg Olympique Alès
21%
Aucun quiz correspondant
Distribution des résultats
% des personnes avec chaque résultat
Percentile par nombre de réponses
Votre historique - résultats
Vous n’avez pas pris ce quiz depuis la dernière actualisation